Neue Bauelemente der Information elektronik

Uložené v:
Podrobná bibliografia
Hlavní autori: Elschner, Horst (Autor), Möschwitzer, Albrecht (Autor), Lunze, Klaus (Autor)
Médium: Kniha
Jazyk:German
Vydavateľské údaje: Leipzig : Akademie Verlag, 1974
Tagy: Pridať tag
Žiadne tagy, Buďte prvý, kto otaguje tento záznam!

MARC

LEADER 00000nam a22000003a 4500
001 stu202507
005 20150617230107.2
008 100420s1974----ge------------------ger-d
040 |a STU  |b slo 
041 0 |a ger 
044 |a ge 
080 |a 621.38 
100 1 |a Elschner, Horst  |4 aut 
245 1 |a Neue Bauelemente der Information elektronik 
260 |a Leipzig :  |b Akademie Verlag,  |c 1974 
300 |a 348 s 
700 1 |a Möschwitzer, Albrecht  |4 aut 
700 1 |a Lunze, Klaus  |4 aut 
996 |b E33095  |c E*33095  |l EE16  |s P  |a 0  |w stu202507_0003